15 villes les plus peuplées sur la Têt - Statistiques

Statistiques générales
  • Ce quiz a été pris 7 fois
  • Le résultat moyen est 4 sur 15
Statistiques - réponses
Population Commune % Correct
121 616 Perpignan
100%
13 227 Canet en Roussillon
57%
6 148 Prades
57%
5 556 Ille sur Têt
43%
11 630 Saint Estève
43%
7 942 Le Soler
29%
3 231 Baho
14%
7 832 Bompas
14%
2 004 Corneilla la Rivière
14%
4 417 Millas
14%
4 952 Sainte Marie la Mer
14%
2 950 Saint Féliu d'Avall
14%
2 260 Vinça
14%
4 129 Pézilla la Rivière
0%
3 335 Villelongue de la Salanque
0%
Aucun quiz correspondant
Distribution des résultats
% des personnes avec chaque résultat
Percentile par nombre de réponses
Votre historique - résultats
Vous n’avez pas pris ce quiz